[Event "Tenerife-chT Primera 1516"]
[Site "Tenerife"]
[Date "2016.01.23"]
[Round "5.4"]
[White "Mansino Febles, Eusebio Valentin"]
[Black "Rodriguez Sierra, Enrique"]
[Result "1-0"]
[WhiteElo "1594"]
[BlackElo "1407"]
[PlyCount "84"]
[EventDate "2015.12.12"]
[EventType "team-tourn"]
[EventRounds "14"]
[EventCountry "ESP"]
[SourceTitle "CBM 170 Extra"]
[Source "ChessBase"]
[SourceDate "2016.02.25"]
[SourceVersion "1"]
[SourceVersionDate "2016.02.25"]
[SourceQuality "1"]
[WhiteTeam "La Victoria 94"]
[BlackTeam "Universidad II"]
[WhiteTeamCountry "ESP"]
[BlackTeamCountry "ESP"]

1. e4 e5 2. Nf3 Nc6 3. Bc4 Nf6 4. d3 Bc5 5. Nc3 Na5 6. Nxe5 Nxc4 7. Nxc4 d5 8. exd5 Nxd5 9. Qe2+ Be6 10. Ne4 Be7 11. 0-0 0-0 12. Bd2 Nb4 13. Ne3 Nc6 14. c3 Ne5 15. d4 Ng6 16. f4 f5 17. Ng3 Qd7 18. b3 c6 19. Rad1 b5 20. Bc1 Qb7 21. Qf3 Nh4 22. Qf2 Ng6 23. Ne2 Bd6 24. h4 Qf7 25. g3 Ne7 26. Rfe1 Nd5 27. Nf1 Rae8 28. Nh2 a5 29. Nf3 Nf6 30. Ng5 Qg6 31. Nxe6 Rxe6 32. Qf3 Rfe8 33. Bd2 Ne4 34. Kg2 Bc7 35. c4 b4 36. Qd3 Nxd2 37. Qxd2 Re3 38. d5 Bxf4 39. dxc6 Rxg3+ 40. Nxg3 Bxg3 41. Rxe8+ Qxe8 42. Kxg3 Qxc6 1-0

[Event "Santa Cruz de Tenerife op 26th"]
[Site "Santa Cruz de Tenerife"]
[Date "2015.12.28"]
[Round "8"]
[White "Rodriguez Sierra, Enrique"]
[Black "Rodriguez Redondo, Adhara"]
[Result "0-1"]
[WhiteElo "1407"]
[BlackElo "1675"]
[PlyCount "48"]
[EventDate "2015.12.15"]
[EventType "swiss"]
[EventRounds "9"]
[EventCountry "ESP"]
[SourceTitle "CBM 170 Extra"]
[Source "ChessBase"]
[SourceDate "2016.02.25"]
[SourceVersion "1"]
[SourceVersionDate "2016.02.25"]
[SourceQuality "1"]

1. e4 e5 2. Nc3 Nf6 3. Bc4 Bc5 4. Nf3 d6 5. d3 h6 6. Na4 Bb6 7. h3 Nc6 8. Nxb6 axb6 9. a3 0-0 10. Be3 Re8 11. 0-0 Ne7 12. d4 Ng6 13. dxe5 Nxe5 14. Nxe5 Rxe5 15. f3 Re8 16. Bd4 Nh5 17. Be3 Qf6 18. Rf2 Qg6 19. g4 Nf6 20. Bd3 Nd7 21. Rg2 Qf6 22. g5 hxg5 23. Bxg5 Qd4+ 24. Kh1 Nc5 0-1

[Event "Santa Cruz de Tenerife op 26th"]
[Site "Santa Cruz de Tenerife"]
[Date "2015.12.18"]
[Round "4"]
[White "Puche Rodriguez, Pedro"]
[Black "Rodriguez Sierra, Enrique"]
[Result "0-1"]
[WhiteElo "1251"]
[BlackElo "1407"]
[PlyCount "58"]
[EventDate "2015.12.15"]
[EventType "swiss"]
[EventRounds "9"]
[EventCountry "ESP"]
[SourceTitle "CBM 170 Extra"]
[Source "ChessBase"]
[SourceDate "2016.02.25"]
[SourceVersion "1"]
[SourceVersionDate "2016.02.25"]
[SourceQuality "1"]

1. c4 Nf6 2. Nf3 g6 3. b4 Bg7 4. Bb2 d6 5. d4 Bg4 6. e3 0-0 7. Be2 c6 8. h3 Bxf3 9. Bxf3 d5 10. c5 Nbd7 11. 0-0 Qc7 12. Nd2 e5 13. e4 Rfe8 14. Re1 dxe4 15. Nxe4 Nxe4 16. Bxe4 Nf6 17. d5 cxd5 18. Bxd5 Rad8 19. Bxe5 Rxe5 20. Rxe5 Qxe5 21. Bxf7+ Kxf7 22. Qxd8 Qxa1+ 23. Kh2 Qe5+ 24. g3 Qe7 25. Qa5 a6 26. Qb6 Nd5 27. Qa5 Qe2 28. h4 Qxf2+ 29. Kh3 Be5 0-1

[Event "Tenerife-ch"]
[Site "Tenerife"]
[Date "2015.04.22"]
[Round "5"]
[White "Rodriguez Sierra, Enrique"]
[Black "Cordero Alamo, Ramon"]
[Result "1/2-1/2"]
[WhiteElo "1437"]
[BlackElo "1464"]
[PlyCount "76"]
[EventDate "2015.04.13"]
[EventType "swiss"]
[EventRounds "9"]
[EventCountry "ESP"]
[SourceTitle "CBM 166 Extra"]
[Source "ChessBase"]
[SourceDate "2015.06.18"]
[SourceVersion "1"]
[SourceVersionDate "2015.06.18"]
[SourceQuality "1"]

1. e4 e6 2. d3 d5 3. Nd2 Nf6 4. Ngf3 Be7 5. g3 0-0 6. Bg2 Nbd7 7. 0-0 dxe4 8. dxe4 Rb8 9. e5 Nd5 10. Ne4 Nc5 11. Nxc5 Bxc5 12. Bg5 Be7 13. Bxe7 Qxe7 14. Qe2 Bd7 15. Rfd1 a6 16. c4 Nb6 17. b3 Rfd8 18. Rd4 Bc6 19. Rad1 Rxd4 20. Rxd4 h6 21. Qd2 Nd7 22. Qe3 Nf8 23. h4 Rd8 24. h5 Rxd4 25. Nxd4 Bxg2 26. Kxg2 Qd7 27. a4 c5 28. Nf3 Qc6 29. g4 Nh7 30. Kg3 b6 31. Qd3 Qc7 32. Qe4 Qb8 33. Qe3 Nf6 34. Kh4 Nh7 35. Qe4 Qd8+ 36. Kg3 Ng5 37. Nxg5 hxg5 38. f4 gxf4+ 1/2-1/2

[Event "Tenerife-ch"]
[Site "Tenerife"]
[Date "2015.04.17"]
[Round "3"]
[White "Gonzalez Diaz, Eusebio"]
[Black "Rodriguez Sierra, Enrique"]
[Result "0-1"]
[WhiteElo "1372"]
[BlackElo "1437"]
[PlyCount "109"]
[EventDate "2015.04.13"]
[EventType "swiss"]
[EventRounds "9"]
[EventCountry "ESP"]
[SourceTitle "CBM 166 Extra"]
[Source "ChessBase"]
[SourceDate "2015.06.18"]
[SourceVersion "1"]
[SourceVersionDate "2015.06.18"]
[SourceQuality "1"]

1. e4 c6 2. Nf3 d5 3. exd5 cxd5 4. Bb5+ Bd7 5. Qe2 a6 6. Bd3 Nf6 7. 0-0 e6 8. c3 Nc6 9. Bc2 Be7 10. Re1 Qc7 11. d4 Bd6 12. Bf5 Ne7 13. Bh3 h6 14. Ne5 Bxe5 15. Qxe5 Qxe5 16. dxe5 Ne4 17. b4 Rc8 18. Bb2 b5 19. Re2 Ng6 20. g3 Nxe5 21. Bg2 Nc4 22. Bxe4 dxe4 23. Bc1 f5 24. Rc2 Kf7 25. Nd2 g5 26. Nb3 e5 27. Nc5 Bc6 28. a4 bxa4 29. Nxa4 Bb5 30. Nc5 Rc6 31. Be3 f4 32. gxf4 gxf4 33. Bd2 e3 34. fxe3 Rg8+ 35. Kf2 fxe3+ 36. Bxe3 Rf6+ 37. Ke2 Rg2+ 38. Kd3 Rxc2 39. Kxc2 Nxe3+ 40. Kd2 Nc4+ 41. Ke1 e4 42. Ra2 h5 43. Nb3 Rg6 44. Rf2+ Ke7 45. Nd4 Ne5 46. Nf5+ Ke6 47. Kd2 Nf3+ 48. Rxf3 exf3 49. Nd4+ Kd5 50. Nxf3 Rg2+ 51. Ke3 Re2+ 52. Kf4 Rc2 53. h3 Rxc3 54. Ng5 Rc4+ 55. Kf5 0-1

[Event "Tenerife Promocion Octubre 1"]
[Site "Tenerife"]
[Date "2013.10.11"]
[Round "5.2"]
[White "Rodriguez Sierra, Enrique"]
[Black "Ruiz Yanes, Jose David"]
[Result "1/2-1/2"]
[WhiteElo "1470"]
[BlackElo "1412"]
[PlyCount "67"]
[EventDate "2013.10.02"]
[EventType "tourn"]
[EventRounds "9"]
[EventCountry "ESP"]
[SourceTitle "EXT 2024"]
[Source "ChessBase"]
[SourceDate "2023.10.10"]
[SourceVersion "1"]
[SourceVersionDate "2023.10.10"]
[SourceQuality "1"]

1. e4 e6 2. d3 d5 3. Nd2 dxe4 4. dxe4 Nf6 5. Ngf3 Bc5 6. h3 0-0 7. Bd3 Nc6 8. 0-0 e5 9. Re1 Re8 10. Nf1 h6 11. Ng3 a6 12. a3 Nd4 13. c3 Nxf3+ 14. Qxf3 Be6 15. Nf5 Bxf5 16. exf5 Qd5 17. Be4 Nxe4 18. Rxe4 Rad8 19. Be3 Bxe3 20. fxe3 f6 21. Rh4 Qxf3 22. gxf3 Rd2 23. Rb1 Red8 24. Rg4 Rd1+ 25. Rxd1 Rxd1+ 26. Kh2 Rd2+ 27. Rg2 Rxg2+ 28. Kxg2 c5 29. b4 c4 30. Kg3 Kf7 31. e4 g6 32. a4 b5 33. a5 Kg7 34. f4 1/2-1/2

[Event "Tenerife-chT-A1"]
[Site "Tenerife"]
[Date "2013.03.23"]
[Round "9.3"]
[White "Calvo Nobrega, Joaquin Manuel"]
[Black "Rodriguez Sierra, Enrique"]
[Result "1-0"]
[WhiteElo "1792"]
[BlackElo "1436"]
[PlyCount "67"]
[EventDate "2013.01.19"]
[EventType "team-tourn"]
[EventRounds "14"]
[EventCountry "ESP"]
[SourceTitle "EXT 2014"]
[Source "ChessBase"]
[SourceDate "2013.11.20"]
[SourceVersion "1"]
[SourceVersionDate "2013.11.20"]
[SourceQuality "1"]
[WhiteTeam "Escuela Ajedrez Casa Venezuela"]
[BlackTeam "Universidad Asados Los Guanches"]
[WhiteTeamCountry "ESP"]
[BlackTeamCountry "ESP"]

1. d4 d5 2. Nf3 e6 3. g3 c5 4. c3 Nc6 5. Bg2 Nf6 6. 0-0 Be7 7. dxc5 Bxc5 8. b4 Be7 9. Na3 0-0 10. Nc2 a6 11. a4 Qc7 12. Bb2 Ne5 13. Nxe5 Qxe5 14. Qc1 Qxe2 15. Ne3 Qh5 16. f4 Ng4 17. h3 Nxe3 18. Qxe3 f6 19. f5 Qf7 20. Rad1 Bd7 21. fxe6 Bxe6 22. Rfe1 Rfe8 23. Qxe6 Bc5+ 24. bxc5 Rxe6 25. Rxe6 Rd8 26. Rxd5 Qc7 27. Red6 Rxd6 28. cxd6 Qd7 29. Ba3 b6 30. Rd4 h6 31. Rc4 Qe6 32. Rc7 b5 33. d7 Qb6+ 34. Rc5 1-0

[Event "Tenerife-ch"]
[Site "Santa Cruz de Tenerife"]
[Date "2013.03.07"]
[Round "4"]
[White "Perez de la Torre, Jorge"]
[Black "Rodriguez Sierra, Enrique"]
[Result "0-1"]
[WhiteElo "1666"]
[BlackElo "1441"]
[PlyCount "80"]
[EventDate "2013.03.04"]
[EventType "swiss"]
[EventRounds "9"]
[EventCountry "ESP"]
[SourceTitle "CBM 153 Extra"]
[Source "ChessBase"]
[SourceDate "2013.04.22"]
[SourceVersion "1"]
[SourceVersionDate "2013.04.22"]
[SourceQuality "1"]

1. d4 d5 2. Nf3 e6 3. e3 c5 4. b3 Nf6 5. Bd3 Nc6 6. 0-0 Be7 7. Bb2 0-0 8. Nbd2 Nb4 9. Be2 Qc7 10. a3 Nc6 11. Bd3 cxd4 12. exd4 Bd6 13. Qe2 Re8 14. Ne5 Bxe5 15. dxe5 Nd7 16. f4 Nc5 17. Bxh7+ Kxh7 18. Qh5+ Kg8 19. Rf3 Kf8 20. Qh8+ Ke7 21. Qxg7 Kd8 22. Rd1 Qe7 23. Nc4 Qf8 24. Qh7 b6 25. Nd6 Re7 26. c4 f5 27. Qh4 Kc7 28. cxd5 exd5 29. Rxd5 Be6 30. Nb5+ Kb7 31. Rd6 a6 32. Nd4 Nxd4 33. Bxd4 Rd8 34. b4 Na4 35. Qf2 Rxd6 36. exd6 Rd7 37. Be5 Rxd6 38. Bxd6 Qxd6 39. Qc2 Qd4+ 40. Kh1 Qa1+ 0-1

[Event "Cotelec Laguna op"]
[Site "Cotelec"]
[Date "2012.11.09"]
[Round "4"]
[White "Rodriguez Sierra, Enrique"]
[Black "Rodriguez Sabater, Lucia Iris"]
[Result "1-0"]
[WhiteElo "1501"]
[BlackElo "1057"]
[PlyCount "114"]
[EventDate "2012.10.19"]
[EventType "swiss"]
[EventRounds "7"]
[EventCountry "ESP"]
[SourceTitle "EXT 2014"]
[Source "ChessBase"]
[SourceDate "2013.11.20"]
[SourceVersion "1"]
[SourceVersionDate "2013.11.20"]
[SourceQuality "1"]

1. d4 e6 2. c4 Nf6 3. Nc3 c6 4. Bg5 g6 5. e3 Bg7 6. Bd3 d5 7. Nge2 h6 8. Bxf6 Bxf6 9. Ng3 Nd7 10. Qe2 dxc4 11. Bxc4 b5 12. Bd3 e5 13. dxe5 Bxe5 14. Nge4 Bb7 15. f4 Bg7 16. Nd6+ Kf8 17. Nxb7 Qc7 18. 0-0 Qxb7 19. Rab1 Re8 20. Ne4 Qb6 21. Rfe1 Bd4 22. exd4 Qxd4+ 23. Qe3 Qxe3+ 24. Rxe3 f5 25. Ree1 fxe4 26. Bxe4 Nc5 27. Bxc6 Rxe1+ 28. Rxe1 b4 29. Re8+ Kg7 30. Re7+ Kf6 31. Rxa7 Nd3 32. g3 Nxb2 33. Bd5 g5 34. Rf7+ Kg6 35. f5+ Kh5 36. Rb7 Rd8 37. Bf7+ Kg4 38. Rxb4+ Kxf5 39. Rxb2 Rd1+ 40. Kg2 Ra1 41. Rf2+ Ke5 42. Bb3 Kd4 43. Rf1 Rxf1 44. Kxf1 Kd3 45. a4 Kc3 46. Kf2 g4 47. Ke3 h5 48. Kf4 Kxb3 49. a5 h4 50. a6 hxg3 51. hxg3 Kb4 52. a7 Kb5 53. a8Q Kb6 54. Qd5 Kc7 55. Ke5 Kb6 56. Qc4 Ka5 57. Qb3 Ka6 1-0

[Event "Tenerife op 22nd"]
[Site "Santa Cruz de Tenerife"]
[Date "2011.12.29"]
[Round "9"]
[White "Diaz Garcia, Carlos Luis"]
[Black "Rodriguez Sierra, Enrique"]
[Result "1-0"]
[WhiteElo "1466"]
[BlackElo "1577"]
[PlyCount "69"]
[EventDate "2011.12.18"]
[EventType "swiss"]
[EventRounds "9"]
[EventCountry "ESP"]
[SourceTitle "CBM 146 Extra"]
[Source "ChessBase"]
[SourceDate "2012.02.29"]
[SourceVersion "1"]
[SourceVersionDate "2012.02.29"]
[SourceQuality "1"]

1. e4 d6 2. d4 Nf6 3. Bd3 g6 4. h3 Bg7 5. Nf3 0-0 6. Be3 c6 7. Nbd2 Nbd7 8. 0-0 e5 9. dxe5 Nxe5 10. Nxe5 dxe5 11. Nc4 Re8 12. Qe2 b5 13. Nd2 Be6 14. b3 Qc8 15. Kh2 a5 16. Rad1 Qc7 17. Nf3 a4 18. Ng5 h6 19. Nxe6 Rxe6 20. Qd2 Kh7 21. f3 Rb8 22. a3 Nh5 23. b4 Ree8 24. Qe2 Nf4 25. Bxf4 exf4 26. Rb1 f5 27. Rfc1 fxe4 28. Bxe4 Bc3 29. Qd3 Bg7 30. Bxg6+ Kh8 31. Bxe8 Rxe8 32. Rd1 Rg8 33. Qd7 Qb6 34. Rd6 Be5 35. Rxh6# 1-0

[Event "Tenerife op 22nd"]
[Site "Santa Cruz de Tenerife"]
[Date "2011.12.28"]
[Round "8"]
[White "Rodriguez Sierra, Enrique"]
[Black "Rodriguez Lapetra, Jaime"]
[Result "0-1"]
[WhiteElo "1577"]
[BlackElo "1480"]
[PlyCount "132"]
[EventDate "2011.12.18"]
[EventType "swiss"]
[EventRounds "9"]
[EventCountry "ESP"]
[SourceTitle "CBM 146 Extra"]
[Source "ChessBase"]
[SourceDate "2012.02.29"]
[SourceVersion "1"]
[SourceVersionDate "2012.02.29"]
[SourceQuality "1"]

1. e4 e5 2. Nf3 Nc6 3. g3 Nf6 4. d3 h6 5. Bg2 d6 6. 0-0 Be7 7. c3 0-0 8. Re1 Re8 9. Nbd2 b6 10. Nf1 Bb7 11. h3 Rb8 12. N1h2 Bf8 13. Nh4 Ne7 14. Ng4 Ng6 15. Nf5 Bc8 16. Bd2 c6 17. Kh2 d5 18. Nxf6+ Qxf6 19. Qf3 Bxf5 20. Qxf5 Qxf5 21. exf5 Nh8 22. f4 f6 23. c4 Rbd8 24. cxd5 cxd5 25. fxe5 fxe5 26. Rac1 Rd7 27. d4 e4 28. Bf1 Red8 29. Rc6 Nf7 30. Rec1 Kh7 31. Be2 Nh8 32. Rc7 Kg8 33. Bg4 Rf7 34. Rxf7 Nxf7 35. h4 Bd6 36. Be2 Re8 37. Be3 Rd8 38. Kg2 Kf8 39. g4 Rd7 40. Rc8+ Rd8 41. Rxd8+ Nxd8 42. Bb5 Kf7 43. g5 Be7 44. f6 gxf6 45. gxh6 Kg6 46. Kh3 Bf8 47. Be8+ Kh7 48. Kg4 Bxh6 49. Bxh6 Kxh6 50. Kf5 e3 51. Bb5 Nc6 52. Kxf6 Nxd4 53. Bf1 e2 54. Bxe2 Nxe2 55. Ke5 d4 56. Ke4 Kh5 57. Kd3 Nc1+ 58. Kxd4 Nxa2 59. Kc4 a6 60. Kb3 Nc1+ 61. Kc2 Ne2 62. b4 Nd4+ 63. Kd3 Nc6 64. Kc4 Nxb4 65. Kxb4 Kxh4 66. Ka4 Kg5 0-1